000 00985nam a2200253Ia 4500
003 OSt
005 20221005110323.0
006 a|||||r|||| 00| 0
007 ta
008 221004b |||||||| |||| 00| 0 hin d
024 _a32057
037 _cTextual
040 _aCRL
_cCRL
_bhin
041 _2hin
_ahin
082 _aO152:gxN06,2, L8
100 _aवाजपेयी, नन्ददुलारे
245 0 _aआधुनिक साहित्य सृजन और समीक्षा
246 _aĀdhunik sāhitya sṛujan aur samīkṣhā
260 _aनई दिल्ली
_bदिल्ल्ी दि मैकमिलन कंपनी ऑफ इंडिया लिमिटेड भारत
_c1978
300 _a165पृ.
_ccm.
650 _aहिन्दी साहित्य
942 _hO152:gxN06,2, L8
_cTEXL
_2cc
999 _c1018447
_d1018447